000 00356nam a2200145 i 4500
001 bg
100 1 _aJanik, Stanisław.
245 0 _aOchrona środowiska naturalnego /
_cS. Janik, Z. Krawczyk.
260 _aPoznań,
_c1987.
700 1 _aKrawczyk, Zygmunt.
040 _cBPK
041 _apol
942 _cKS
008 s pl f |000 0 pol
999 _c3550
_d3550
856 _uhttp://koha.tu.koszalin.pl/cgi-bin/koha/opac-detail.pl?biblionumber=3550
_yKatalog online BPK